No regrets (Record no. 115648)
[ view plain ]
| 000 -LEADER | |
|---|---|
| fixed length control field | 01986cad a22003015a 4500 |
| 001 - CONTROL NUMBER | |
| control field | L159051 |
| 008 - FIXED-LENGTH DATA ELEMENTS--GENERAL INFORMATION | |
| fixed length control field | 111010s2015 xxkao f 000 0 eng d |
| 035 ## - SYSTEM CONTROL NUMBER | |
| System control number | (Sirsi) u159051 |
| 041 0# - LANGUAGE CODE | |
| Language code of text/sound track or separate title | eng |
| 050 04 - LIBRARY OF CONGRESS CALL NUMBER | |
| -- | 18 |
| 110 2# - MAIN ENTRY--CORPORATE NAME | |
| Corporate name or jurisdiction name as entry element | Town and Country Planning Association |
| 9 (RLIN) | 3022 |
| 245 00 - TITLE STATEMENT | |
| Title | No regrets |
| Remainder of title | Planning for sea level rise and climate change and investigating in adaptation |
| Medium | [electronic resource] |
| 260 ## - PUBLICATION, DISTRIBUTION, ETC. | |
| Place of publication, distribution, etc. | London |
| Name of publisher, distributor, etc. | TCPA |
| Date of publication, distribution, etc. | 2015 |
| 505 2# - FORMATTED CONTENTS NOTE | |
| Formatted contents note | Introduction -- Sea level rise, climate change and the risks to coastal communities -- Options for adaptation -- Delivering adaptation through planning and infrastructure investment -- Stakeholders and responsibilities -- Conclusions -- Further information |
| 520 ## - SUMMARY, ETC. | |
| Summary, etc. | Sets out how decision-makers in planning and infrastructure investment can work with communities to plan for adaptation to sea level rise and climate change in coastal areas. This guide is designed to encourage and enable decision-makers to help coastal communities plan how best to adapt to sea level rise and climate change. It describes the risks, explains why adaptation is necessary, demonstrates that it is achievable, makes the case for investment and highlights the benefits of getting it right. Some of the options for adaptation in coastal areas are discussed and good practice tips are provided for planning, investment and project delivery, illustrated with a series of case studies. |
| 521 ## - TARGET AUDIENCE NOTE | |
| Target audience note | Advanced |
| 590 ## - LOCAL NOTE (RLIN) | |
| Local note | KA NTK |
| 650 24 - SUBJECT ADDED ENTRY--TOPICAL TERM | |
| Topical term or geographic name entry element | CLIMATE CHANGE |
| 650 24 - SUBJECT ADDED ENTRY--TOPICAL TERM | |
| Topical term or geographic name entry element | INFRASTRUCTURE INVESTMENT |
| 650 24 - SUBJECT ADDED ENTRY--TOPICAL TERM | |
| Topical term or geographic name entry element | COASTAL PLANNING |
| 650 24 - SUBJECT ADDED ENTRY--TOPICAL TERM | |
| Topical term or geographic name entry element | SEA LEVEL RISE |
| 651 #4 - SUBJECT ADDED ENTRY--GEOGRAPHIC NAME | |
| Geographic name | United Kingdom |
| 690 ## - LOCAL SUBJECT ADDED ENTRY--TOPICAL TERM (OCLC, RLIN) | |
| Topical term or geographic name as entry element | Infrastructure |
| 9 (RLIN) | 6246 |
| 690 ## - LOCAL SUBJECT ADDED ENTRY--TOPICAL TERM (OCLC, RLIN) | |
| Topical term or geographic name as entry element | Planning and development |
| 9 (RLIN) | 6259 |
| 710 1# - ADDED ENTRY--CORPORATE NAME | |
| Corporate name or jurisdiction name as entry element | Southern Regional Flood and Coastal Committee |
| 856 40 - ELECTRONIC LOCATION AND ACCESS | |
| Uniform Resource Identifier | <a href="https://www.tcpa.org.uk/pages/no-regrets-planning-for-sea-level-rise-and-climate-change-and-investing-in-adaptation-.html">https://www.tcpa.org.uk/pages/no-regrets-planning-for-sea-level-rise-and-climate-change-and-investing-in-adaptation-.html</a> |
| Public note | View the item free of charge online at www.tcpa.org.uk |
| 942 ## - ADDED ENTRY ELEMENTS (KOHA) | |
| Suppress in OPAC | 0 |
| Withdrawn status | Lost status | Source of classification or shelving scheme | Damaged status | Not for loan | Home library | Current library | Shelving location | Date acquired | Total Checkouts | Full call number | Barcode | Date last seen | Copy number | Price effective from | Koha item type |
|---|---|---|---|---|---|---|---|---|---|---|---|---|---|---|---|
| Dewey Decimal Classification | Virtual | Virtual | Online | 21/12/2015 | ONLINE PUBLICATION | 159051-2001 | 06/08/2019 | 1 | 06/08/2019 | Book |